Allocation Formulas in Academic Libraries CLIP Note 22

Uložené v:
Podrobná bibliografia
Médium: Kniha
Jazyk:English
Vydavateľské údaje: Chicago American Library Association 1995
Vydanie:1. ed.
Tagy: Pridať tag
Žiadne tagy, Buďte prvý, kto otaguje tento záznam!

MARC

LEADER 00000nam a2200000 4500
001 c020076
005 20250618072305.2
020 |a 0-8389-7812-6 
041 0 |a eng 
044 |a US 
245 1 0 |a Allocation Formulas in Academic Libraries  |b CLIP Note 22  |c Hl. zost. Jane H. Tuten, Beverly Jones 
250 |a 1. ed. 
264 1 |a Chicago  |b American Library Association  |c 1995 
300 |a 90 s.